000 00768nam a2200229 i 4500
001 31096
003 ES-MaACL
005 20250815080450.0
007 t|
008 150622s1969 sp ||||1| spa d
080 _a33(46)(04)
245 0 0 _aLecturas de economía española /
_cselección e introducción por Juan Velarde Fuertes.
260 _aMadrid :
_bGredos,
_c[1969]
300 _a657 p. ;
_c24 cm.
490 1 _aBiblioteca de Ciencias Economicas. III. Estructura Económica ;
_v2
651 4 _aEspaña-
_xSituación económica-
_vHistoria.
_9156949
700 _aVelarde Fuertes, Juan,
_9236903
_d1927-2023
830 0 0 _aBiblioteca de ciencias económicas
_v2
_9181450
852 _aES-MaACL
_jE-15693
942 _2udc
999 _c31096
_d31096